| 000 | 01138cam a2200349 a 4500 | ||
|---|---|---|---|
| 001 | 4573149 | ||
| 005 | 20200421093824.0 | ||
| 008 | 110805m20129999njua b 001 0 eng | ||
| 010 | _a 2011029411 | ||
| 020 | _a0321336313 (v. 1 : hbk.) | ||
| 020 | _a9780321336316 (v. 1 : hbk.) | ||
| 035 | _a(OCoLC)ocn704384855 | ||
| 035 | _a(OCoLC)704384855 | ||
| 040 |
_aDLC _cDLC _dYDX _dBTCTA _dYDXCP _dOCLCO |
||
| 042 | _apcc | ||
| 049 | _aNLES | ||
| 050 | 0 | 0 |
_aTK5105.55 _b.S74 2012 |
| 082 | 0 | 0 |
_a004.6/2 _223 |
| 100 | 1 |
_aFall, Kevin R. _9497 |
|
| 245 | 1 | 0 | _aTCP/IP illustrated. |
| 250 |
_a2nd ed. / _bKevin R. Fall, W. Richard Stevens. |
||
| 260 |
_aUpper Saddle River, NJ : _bAddison-Wesley, _cc2012- |
||
| 300 |
_av. : _bill. ; _c24 cm. |
||
| 490 | 1 | _aAddison-Wesley professional computing series | |
| 500 | _aStevens' name appears first on the earlier edition. | ||
| 504 | _aIncludes bibliographical references and index. | ||
| 505 | 1 | _av. 1. The protocols. | |
| 650 | 0 |
_aTCP/IP (Computer network protocol) _9498 |
|
| 700 | 1 | _aStevens, W. Richard. | |
| 830 | 0 | _aAddison-Wesley professional computing series. | |
| 942 |
_2ddc _cBK |
||
| 999 |
_c258 _d258 |
||